[Event "IEWCC"]
[Site "Istanbul TUR"]
[Date "2003.06.10"]
[Round "7"]
[White "Kovalevskaya,E"]
[Black "Lomineishvili,M"]
[Result "1-0"]
[WhiteElo "2447"]
[BlackElo "2397"]
[EventDate "2003.06.02"]

1. e4 c5 2. Nf3 d6 3. Bb5+ Nd7 4. O-O Ngf6 5. d4 cxd4 6. Qxd4 e5 7. Qd3 h6
8. c4 Be7 9. Nc3 O-O 10. Bxd7 Bxd7 11. b3 Be6 12. Rd1 a6 13. a4 Rc8 14. Ba3
Qa5 15. Qe3 Rfd8 16. h3 Bf8 17. Ne1 Qc7 18. Nd3 Nd7 19. Nb4 Nc5 20. Ncd5
Bxd5 21. Nxd5 Qc6 22. a5 Ne6 23. Ra2 Re8 24. Rad2 Rcd8 25. Rd3 Nd4 26. Bb2
Ne6 27. Qe1 Kh7 28. Rf3 Rd7 29. h4 Kg8 30. g3 Be7 31. Nb6 Rc7 32. Rd5 Bf6
33. Qd2 Nc5 34. Re3 Be7 35. Qd1 Nd7 36. Nxd7 Rxd7 37. Red3 Rc7 38. Ba3 Rcc8
39. Kg2 Rb8 40. f3 Qc7 41. Qd2 b6 42. axb6 Rxb6 43. Bxd6 Bxd6 44. Rxd6 Rxd6
45. Rxd6 a5 46. Qd5 Qb8 47. Rd7 Rf8 48. Rb7 Qc8 49. c5 Kh7 50. c6 Rd8 51.
Rd7 Qa6 52. Kf2 Qb6+ 53. Ke2 Rc8 54. Qxf7 Qb5+ 55. Kd2 Qb4+ 56. Kd1 Rg8 57.
Qc4 Qb6 58. c7 Rc8 59. Qc3 Qg1+ 60. Kc2 Qf2+ 61. Kb1 Qxg3 62. Rd8 Qg1+ 63.
Kb2 Qh2+ 64. Ka3 Qh3 65. Qxe5 1-0

[Event "IEWCC"]
[Site "Istanbul TUR"]
[Date "2003.06.10"]
[Round "7"]
[White "Matnadze,A"]
[Black "Zielinska,Mar"]
[Result "1-0"]
[WhiteElo "2386"]
[BlackElo "2430"]
[EventDate "2003.06.02"]

1. d4 d6 2. Nf3 Bg4 3. c4 Nd7 4. Qb3 Rb8 5. Nfd2 e5 6. Qg3 Bh5 7. d5 Bg6 8.
Nc3 Be7 9. e4 Ngf6 10. Qe3 a5 11. h3 Nc5 12. g4 c6 13. Be2 Nfd7 14. Nf3 a4
15. h4 h5 16. g5 cxd5 17. cxd5 b5 18. Nd2 Qa5 19. O-O O-O 20. b4 axb3 21.
Bb2 b4 22. axb3 Qb6 23. Nd1 Nxe4 24. Nxe4 Qxe3 25. Nxe3 Bxe4 26. Ra7 Rfd8
27. Bxh5 Ra8 28. Rfa1 Rxa7 29. Rxa7 Kf8 30. f3 Bh7 31. Nc4 f5 32. Na5 g6
33. Nc6 Ke8 34. f4 gxh5 35. Nxd8 Bxd8 36. Ra6 Bb6+ 37. Kf1 Bg8 38. fxe5
dxe5 39. Bxe5 Bxd5 40. Bd6 Bxb3 41. Ra8+ Kf7 42. Bxb4 Bc4+ 43. Ke1 Ne5 44.
Rf8+ Kg7 45. Rb8 Bd4 46. Rb7+ Bf7 47. Ke2 Ng6 48. Be1 Be5 49. Bf2 Kf8 50.
Ra7 Bc4+ 51. Kd2 Bd5 52. Ra6 Bf4+ 53. Kd3 Be4+ 54. Ke2 Ne5 55. Ra7 Bf3+ 56.
Kf1 Be4 57. Bc5+ Kg8 58. Bf2 Ng4 59. Bd4 Be3 60. Bxe3 Nxe3+ 61. Kf2 Nd5 62.
Ra8+ Kf7 63. Rh8 Kg7 64. Rxh5 f4 65. Rh6 Ne3 66. Rd6 Ng4+ 67. Kf1 Ba8 68.
h5 Ne3+ 69. Ke2 Bd5 70. Rd7+ Kg8 71. h6 Be6 72. Rg7+ Kh8 73. Kf3 Nd5 74.
Ra7 Bf5 75. Ra5 Ne7 76. Kxf4 Bg6 77. Ra7 Ng8 78. Rg7 Bb1 79. g6 Bc2 80.
Rh7+ 1-0

[Event "IEWCC"]
[Site "Istanbul TUR"]
[Date "2003.06.10"]
[Round "7"]
[White "Polovnikova,E"]
[Black "Radziewicz,I"]
[Result "0-1"]
[WhiteElo "2383"]
[BlackElo "2428"]
[EventDate "2003.06.02"]

1. e4 e6 2. d4 d5 3. e5 c5 4. c3 Qb6 5. Nf3 Nc6 6. a3 Bd7 7. b4 cxd4 8.
cxd4 Rc8 9. Bb2 Nge7 10. Nc3 Na5 11. Nd2 Nc4 12. Nxc4 dxc4 13. Ne4 Nd5 14.
Rc1 Qa6 15. Nc5 Bxc5 16. dxc5 b5 17. cxb6 axb6 18. Qg4 b5 19. Qxg7 Rf8 20.
Rc2 Qa4 21. Qxh7 Bc6 22. Be2 Nf4 23. O-O Bxg2 24. Re1 Qxc2 25. Qxc2 Rg8 0-1

[Event "IEWCC"]
[Site "Istanbul TUR"]
[Date "2003.06.10"]
[Round "7"]
[White "Socko,M"]
[Black "Khurtsidze,N"]
[Result "0-1"]
[WhiteElo "2381"]
[BlackElo "2427"]
[EventDate "2003.06.02"]

1. d4 d5 2. c4 e6 3. Nc3 Be7 4. Bf4 Nf6 5. e3 O-O 6. Rc1 a6 7. c5 b6 8.
cxb6 cxb6 9. Bd3 b5 10. Nf3 Nbd7 11. h3 Bb7 12. O-O Rc8 13. Qe2 Nb6 14. Ne5
Ne4 15. Nb1 f6 16. Nf3 Nc4 17. b3 Na3 18. Rxc8 Qxc8 19. Nxa3 Bxa3 20. Nd2
Nxd2 21. Qxd2 Qc6 22. Qe2 Qc3 23. Bb1 e5 24. dxe5 fxe5 25. Qh5 e4 26. Be5
Qc8 27. Qg5 Rf7 28. f3 Qf8 29. Rd1 Be7 30. Qg3 exf3 31. Rd4 fxg2 32. Kxg2
Bf6 33. Bxf6 Rxf6 34. Bd3 Qd6 35. Qxd6 Rxd6 36. Kf3 Re6 37. Kf4 Kf7 38. Bf5
Rf6 39. Ke5 g6 40. Bg4 Ke7 41. Rf4 Rc6 42. h4 Rc3 43. Kd4 Rc2 44. Bh3 a5
45. a3 a4 46. b4 Ra2 47. Bf1 Rxa3 48. Bxb5 Ra1 49. Kc3 a3 50. Kb3 Re1 51.
Kxa3 Rxe3+ 52. Ka4 Re4 53. Rxe4+ dxe4 54. Ka5 Kd6 55. Be2 h6 56. Kb6 Bd5
57. b5 Ke5 58. Kc5 Ba8 59. b6 Bb7 60. Bb5 g5 61. hxg5 hxg5 62. Be2 Kf4 63.
Kd6 e3 64. Kc7 Bd5 65. Bc4 Bf3 66. Be2 Bd5 67. Bc4 Bxc4 68. b7 e2 69. b8=Q
e1=Q 70. Qf8+ Kg4 71. Qc5 Qg3+ 72. Kb6 Qb8+ 73. Ka5 Qb5+ 0-1

[Event "IEWCC"]
[Site "Istanbul TUR"]
[Date "2003.06.10"]
[Round "7"]
[White "Klinova,M"]
[Black "Prudnikova,S"]
[Result "1/2-1/2"]
[WhiteElo "2368"]
[BlackElo "2426"]
[EventDate "2003.06.02"]

1. e4 e6 2. d3 c5 3. Nf3 Nc6 4. g3 d5 5. Nbd2 g6 6. Bg2 Bg7 7. O-O Nge7 8.
Re1 b6 9. h4 h6 10. exd5 Nxd5 11. Nc4 Bb7 12. Nfe5 Nce7 13. d4 1/2-1/2

[Event "IEWCC"]
[Site "Istanbul TUR"]
[Date "2003.06.10"]
[Round "7"]
[White "Motoc,A"]
[Black "Kosintseva,N"]
[Result "0-1"]
[WhiteElo "2358"]
[BlackElo "2417"]
[EventDate "2003.06.02"]

1. d4 f5 2. Nc3 Nf6 3. Bg5 d5 4. Bxf6 exf6 5. e3 Be6 6. Bd3 Nc6 7. Qf3 Qd7
8. Nge2 Nb4 9. Nf4 Nxd3+ 10. Nxd3 O-O-O 11. b4 b6 12. a4 g5 13. a5 f4 14.
axb6 cxb6 15. exf4 Bg4 16. Qg3 Re8+ 17. Kd2 gxf4 18. Qh4 f3 19. gxf3 Bxf3
20. Rhe1 Rxe1 21. Nxe1 Bg4 22. Nb5 h5 23. Qxf6 Bg7 24. Nd6+ Kb8 25. Qf7
Bxd4 26. c3 Qxd6 27. Qxa7+ Kc8 28. Qa8+ Kd7 29. Qa4+ Ke6 30. Nd3 Bf6 31.
Re1+ Kf7 32. Qa7+ Kg6 33. f4 d4 34. c4 Bf5 35. c5 bxc5 36. bxc5 Qd5 37.
Rg1+ Kh6 38. Qa6 Rf8 39. Rg3 h4 40. Rg1 Qf3 41. Re1 Bxd3 42. Qxd3 Qxf4+ 43.
Kc2 Qxh2+ 44. Re2 Qg3 45. Qd2+ Qg5 0-1

[Event "IEWCC"]
[Site "Istanbul TUR"]
[Date "2003.06.10"]
[Round "7"]
[White "Mkrtchian,L"]
[Black "Djingarova,E"]
[Result "1-0"]
[WhiteElo "2416"]
[BlackElo "2310"]
[EventDate "2003.06.02"]

1. Nf3 Nf6 2. d4 d5 3. c4 c6 4. e3 a6 5. Bd3 Bg4 6. Nbd2 e6 7. O-O Nbd7 8.
b3 Be7 9. Bb2 O-O 10. Qc2 Bh5 11. Ne5 Bg6 12. Nxg6 hxg6 13. Rad1 Qc7 14. h3
Rac8 15. Rc1 Qb8 16. Qd1 c5 17. dxc5 Bxc5 18. cxd5 Nxd5 19. Qe2 Bd6 20. Nf3
Ne5 21. Be4 Nxf3+ 22. Qxf3 Be5 23. Bxe5 Qxe5 24. Bxd5 exd5 25. Rcd1 Qb2 26.
Qxd5 Qxa2 27. Ra1 Qc2 28. Qxb7 Rb8 29. Qxa6 Qxb3 30. Rfd1 Qc2 31. Rac1 Qf5
32. Qa3 Rfc8 33. Qd6 Ra8 34. Qd4 Rxc1 35. Rxc1 Rc8 36. Rd1 Qe6 37. Qd5 Qxd5
38. Rxd5 Rc2 39. Rd8+ Kh7 40. h4 Rc5 41. f4 f6 42. Rf8 g5 43. hxg5 fxg5 44.
f5 Re5 45. Kf2 g4 46. Kg3 Rxe3+ 47. Kxg4 Re4+ 48. Kg5 Re5 49. g4 Ra5 50.
Re8 Rb5 51. Re7 Ra5 52. Kh5 Rb5 53. Kg5 Ra5 54. Re8 Rb5 55. Kf4 Rb1 56. Rd8
Rb7 57. Kf3 Rb3+ 58. Kf4 Rb4+ 59. Kg5 Rb5 60. Rf8 Ra5 61. Kh4 Ra4 62. Kh5
Ra1 63. Rc8 Ra5 64. Kh4 Ra4 65. Kh5 Ra5 66. Rb8 g6+ 67. Kg5 gxf5 68. gxf5
Kg7 69. Rb7+ Kf8 70. Kg6 Ra1 71. Rb8+ Ke7 72. f6+ Ke6 73. Re8+ Kd7 74. f7
Rg1+ 75. Kh5 1-0

[Event "IEWCC"]
[Site "Istanbul TUR"]
[Date "2003.06.10"]
[Round "7"]
[White "Shumiakina,T"]
[Black "Alexandrova,O"]
[Result "1/2-1/2"]
[WhiteElo "2373"]
[BlackElo "2445"]
[EventDate "2003.06.02"]

1. d4 Nf6 2. c4 e6 3. g3 c5 4. d5 exd5 5. cxd5 b5 6. Bg2 d6 7. a4 b4 8. Nd2
Ba6 9. b3 g6 10. Bb2 Bg7 11. Ngf3 O-O 12. Nc4 Bxc4 13. bxc4 Ne4 14. Bxg7
Kxg7 15. O-O a5 16. Qc2 Nc3 17. e4 Nd7 18. Nd2 Nb6 19. Nb1 Nxb1 20. Rfxb1
Qf6 21. Rd1 Rab8 22. Rac1 Rfe8 23. Rd3 Rb7 24. f4 Nd7 25. Qb3 Qd8 26. Re3
f6 27. Rce1 Qb8 28. Bh3 Nf8 29. Qb2 Rbe7 30. Kf2 h6 31. Bg4 1/2-1/2

[Event "IEWCC"]
[Site "Istanbul TUR"]
[Date "2003.06.10"]
[Round "7"]
[White "Zaiatz,E"]
[Black "Sedina,E"]
[Result "1-0"]
[WhiteElo "2339"]
[BlackElo "2434"]
[EventDate "2003.06.02"]

1. d4 Nf6 2. c4 c6 3. Nc3 d5 4. Nf3 a6 5. Qb3 e6 6. Bg5 Nbd7 7. e3 Be7 8.
cxd5 exd5 9. Qc2 O-O 10. Bd3 Re8 11. O-O Nf8 12. h3 Be6 13. Ne5 N6d7 14.
Bxe7 Rxe7 15. f4 f6 16. Nf3 Rc8 17. Qf2 c5 18. dxc5 Nxc5 19. Rad1 Qb6 20.
Nd4 Ne4 21. Bxe4 dxe4 22. Nxe6 Rxe6 23. f5 Re5 24. Rd4 Qc6 25. Rfd1 Rce8
26. g4 R5e7 27. Qd2 h5 28. Rd6 Qc7 29. Kg2 hxg4 30. hxg4 Nh7 31. Qd5+ Kf8
32. Rh1 Re5 33. Qd1 Ng5 34. Rd7 Qxd7 35. Qxd7 R8e7 36. Rh8+ 1-0

[Event "IEWCC"]
[Site "Istanbul TUR"]
[Date "2003.06.10"]
[Round "7"]
[White "Kononenko,T"]
[Black "Peng Zhaoqin"]
[Result "0-1"]
[WhiteElo "2370"]
[BlackElo "2433"]
[EventDate "2003.06.02"]

1. d4 d5 2. c4 c6 3. Nf3 Nf6 4. e3 g6 5. Nc3 Bg7 6. Bd3 O-O 7. O-O Bg4 8.
h3 Bxf3 9. Qxf3 Qd6 10. b3 Nbd7 11. Bb2 e5 12. cxd5 exd4 13. exd4 Nxd5 14.
Nxd5 cxd5 15. Rfe1 Rfd8 16. Rad1 Nf8 17. Bb1 Ne6 18. h4 a5 19. a4 Qb4 20.
Qe3 Rac8 21. h5 Re8 22. hxg6 hxg6 23. Qf3 Nxd4 24. Rxe8+ Rxe8 25. Bxd4 Bxd4
26. Kh2 Re1 27. Bc2 Rxd1 28. Bxd1 Qe1 29. Qe2 Qxf2 30. Qxf2 Bxf2 31. Bf3 d4
32. Bxb7 d3 33. g4 d2 34. Bf3 Kg7 35. Kg2 Bc5 36. Kf1 Kh6 37. Ke2 Bb4 38.
Bd5 f6 39. Be4 Kg5 40. Bc2 Kxg4 41. Bxg6 f5 42. Bh7 f4 43. Be4 Kg3 44. Bc2
f3+ 45. Kf1 Kf4 46. Bd1 Ke3 47. Bc2 Bc5 48. Bd1 Kd3 49. b4 axb4 50. a5 Kc3
51. a6 f2 0-1

[Event "IEWCC"]
[Site "Istanbul TUR"]
[Date "2003.06.10"]
[Round "7"]
[White "Danielian,E"]
[Black "Mamedjarova,Z"]
[Result "1-0"]
[WhiteElo "2386"]
[BlackElo "2298"]
[EventDate "2003.06.02"]

1. Nf3 e6 2. g3 Nf6 3. Bg2 Be7 4. O-O O-O 5. d3 d5 6. Nbd2 Nbd7 7. e4 dxe4
8. dxe4 e5 9. a4 a5 10. Re1 Re8 11. Nc4 Bb4 12. c3 Bc5 13. Nfd2 Nb6 14.
Nxb6 Bxb6 15. Qe2 Bg4 16. Bf3 Qd7 17. Nc4 Bc5 18. b3 b5 19. axb5 Bxf3 20.
Qxf3 Qxb5 21. Bg5 Qxb3 22. Nxa5 Qe6 23. Bxf6 gxf6 24. Qe2 Reb8 25. Nc4 Kg7
26. Kg2 Rxa1 27. Rxa1 Rb3 28. Ra5 Bb6 29. Ra6 Qc8 30. Ra3 Rxa3 31. Nxa3 Bc5
32. Nc4 Qb7 33. Qg4+ Kf8 34. Qf5 Qb3 35. Nd2 Qxc3 36. Nf3 Qc2 37. Nh4 Ke7
38. Qf3 Bb6 39. Nf5+ Kd7 40. Ng7 Qc6 41. Qf5+ Ke7 42. Qxh7 Kd6 43. Qf5 Ke7
44. h4 Qa8 45. h5 Qh8 46. Qg4 Kd8 47. Nf5 Qf8 48. Qd1+ Kc8 49. Qd5 Qd8 50.
Qxf7 Kb7 51. Qg6 c5 52. h6 c4 53. h7 1-0

[Event "IEWCC"]
[Site "Istanbul TUR"]
[Date "2003.06.10"]
[Round "7"]
[White "Arakhamia,K"]
[Black "Fakhiridou,E"]
[Result "1/2-1/2"]
[WhiteElo "2413"]
[BlackElo "2276"]
[EventDate "2003.06.02"]

1. e4 c5 2. Nf3 e6 3. d4 cxd4 4. Nxd4 Nf6 5. Nc3 Nc6 6. Nxc6 bxc6 7. e5 Nd5
8. Ne4 Qc7 9. f4 Rb8 10. a3 Qa5+ 11. c3 Ba6 12. Bd3 Bxd3 13. Qxd3 f5 14.
exf6 Nxf6 15. Nxf6+ gxf6 16. O-O Qd5 17. Qxd5 cxd5 18. b4 Bg7 19. Be3 Rb7
20. f5 Kf7 21. Rf3 Rc8 22. Bc5 Rbc7 23. Raf1 Kg8 24. Re1 Kf7 25. g4 Rxc5
26. bxc5 Bf8 27. Kg2 Rxc5 28. Rb1 Rc7 29. a4 Bc5 30. Rd3 Bb6 31. Rb5 Ke7
32. a5 Bc5 33. Rh3 d4 34. Rxh7+ Kd6 35. cxd4 Bxd4 36. fxe6 Kxe6 37. h4 Be5
38. h5 Rc2+ 39. Kf3 Rc3+ 40. Ke2 Ra3 41. Rb7 Ra2+ 42. Kd3 Ra3+ 43. Kc4 Rxa5
44. Rhxd7 Ra4+ 45. Kb5 Rxg4 46. Re7+ Kd5 47. Rbd7+ Bd6 48. Re1 Rb4+ 49. Ka5
Rd4 50. Kb5 Rb4+ 51. Ka6 Kc6 1/2-1/2

[Event "IEWCC"]
[Site "Istanbul TUR"]
[Date "2003.06.10"]
[Round "7"]
[White "Calzetta,M"]
[Black "Houska,Jo"]
[Result "1-0"]
[WhiteElo "2253"]
[BlackElo "2386"]
[EventDate "2003.06.02"]

1. e4 e5 2. Nf3 Nc6 3. Bb5 a6 4. Ba4 Nf6 5. Qe2 b5 6. Bb3 Be7 7. c3 d6 8.
d3 O-O 9. Nbd2 Bg4 10. h3 Bxf3 11. Nxf3 Na5 12. Bc2 c5 13. O-O Nc6 14. Rd1
Qc7 15. Be3 Rfe8 16. Nh2 d5 17. exd5 Nxd5 18. Qf3 Nxe3 19. fxe3 e4 20. dxe4
Ne5 21. Qg3 Bd6 22. Ng4 Re6 23. Rd5 Rg6 24. Rad1 h5 25. Rxd6 Rxd6 26. Qxe5
Rad8 27. Rxd6 Qxd6 28. Qxh5 Qd2 29. Qg5 Qe1+ 30. Kh2 Rd6 31. Qxc5 Rd2 32.
Qc8+ Kh7 33. Qf5+ Kg8 34. Bb3 1-0

[Event "IEWCC"]
[Site "Istanbul TUR"]
[Date "2003.06.10"]
[Round "7"]
[White "Galojan,L"]
[Black "Voiska,M"]
[Result "0-1"]
[WhiteElo "2242"]
[BlackElo "2354"]
[EventDate "2003.06.02"]

1. d4 d5 2. c4 c6 3. Nc3 Nf6 4. Nf3 a6 5. a4 e6 6. e3 c5 7. cxd5 exd5 8.
Bd3 Nc6 9. O-O Be7 10. h3 O-O 11. b3 Re8 12. Bd2 Bf8 13. dxc5 Bxc5 14. Na2
Qe7 15. Rb1 Ne4 16. b4 Bd6 17. b5 Ne5 18. Bb4 Nxd3 19. Qxd3 axb5 20. Bxd6
Nxd6 21. Nd4 bxa4 22. Nc3 Be6 23. Ra1 a3 24. Ndb5 Nxb5 25. Nxb5 a2 26. Rfc1
Rec8 27. Rxc8+ Bxc8 28. Qb3 Qc5 29. Nc3 Ra3 30. Qxd5 Rxc3 31. Qd8+ Qf8 32.
Qa5 Ra3 0-1

[Event "IEWCC"]
[Site "Istanbul TUR"]
[Date "2003.06.10"]
[Round "7"]
[White "Velikhanli,F"]
[Black "Pogonina,N"]
[Result "1/2-1/2"]
[WhiteElo "2305"]
[BlackElo "2347"]
[EventDate "2003.06.02"]

1. e4 c5 2. c3 g6 3. Nf3 Bg7 4. d4 cxd4 5. cxd4 d5 6. exd5 Nf6 7. Bb5+ Nbd7
8. d6 e6 9. Nc3 O-O 10. O-O Nb6 11. Bf4 Nh5 12. Qd2 Nxf4 13. Qxf4 Bd7 14.
Bxd7 Qxd7 15. Ne4 Nd5 16. Qd2 Rad8 17. Rac1 Qb5 18. Rfe1 Rfe8 19. Ne5 f6
20. Nc4 b6 21. b3 Qd7 22. a4 Bf8 23. Ne3 Qf7 24. Ng4 Bg7 25. Nh6+ Bxh6 26.
Qxh6 Rd7 27. Rc2 Qg7 28. Qc1 Qf8 29. Rce2 Rc8 30. Qd2 Qf7 31. g3 Kg7 32.
Rc1 Rcd8 33. a5 h6 34. axb6 axb6 35. Rc6 f5 36. Nc3 Rxd6 37. Rxd6 Rxd6 38.
Nxd5 Rxd5 39. Qb4 b5 40. Rc2 Qb7 41. Rc5 Qd7 42. Rxd5 Qxd5 43. Qe7+ Kg8 44.
b4 h5 45. h4 Qc4 46. Qf6 Kh7 47. Qf7+ Kh6 48. Qf8+ Kh7 49. Qf7+ Kh6 1/2-1/2

[Event "IEWCC"]
[Site "Istanbul TUR"]
[Date "2003.06.10"]
[Round "7"]
[White "Javakhishvili,L"]
[Black "Makropoulou,M"]
[Result "1-0"]
[WhiteElo "2336"]
[BlackElo "2234"]
[EventDate "2003.06.02"]

1. c4 e5 2. Nc3 Nf6 3. Nf3 Nc6 4. a3 d5 5. cxd5 Nxd5 6. Qc2 Be7 7. e3 a6 8.
Be2 Be6 9. O-O O-O 10. d3 Kh8 11. Ne4 f5 12. Nc5 Bc8 13. b4 Qd6 14. Nb3 Qg6
15. Re1 Bd6 16. Nbd2 f4 17. e4 Nf6 18. Bb2 Ng4 19. Bf1 Qh5 20. h3 Rf6 21.
Qd1 Nh6 22. Nh2 Qg6 23. Kh1 Nf7 24. Ndf3 Qh6 25. d4 g5 26. Kg1 Qg7 27. Rc1
Rh6 28. Bc4 g4 29. hxg4 exd4 30. Bxf7 Qxf7 31. Rxc6 bxc6 32. Qxd4+ Rf6 33.
Qxf6+ Qxf6 34. Bxf6+ Kg8 35. e5 1-0

[Event "IEWCC"]
[Site "Istanbul TUR"]
[Date "2003.06.10"]
[Round "7"]
[White "Agababean,N"]
[Black "Velcheva,M"]
[Result "0-1"]
[WhiteElo "2319"]
[BlackElo "2249"]
[EventDate "2003.06.02"]

1. d4 d5 2. Nf3 Nf6 3. c4 c6 4. Nc3 dxc4 5. a4 Bf5 6. Ne5 Nbd7 7. Nxc4 Nd5
8. f3 e5 9. e4 Nxc3 10. bxc3 Be6 11. Be3 exd4 12. cxd4 Bb4+ 13. Kf2 O-O 14.
Rb1 a5 15. Nb2 f5 16. exf5 Bxf5 17. Qb3+ Kh8 18. Bd3 Qh4+ 19. g3 Qh5 20. f4
Nf6 21. Bxf5 Qxf5 22. Nc4 Ng4+ 23. Kf3 Qh5 24. Rhd1 Rae8 25. Kg2 Nxe3+ 0-1

[Event "IEWCC"]
[Site "Istanbul TUR"]
[Date "2003.06.10"]
[Round "7"]
[White "Makka,I"]
[Black "Chasovnikova,E"]
[Result "1-0"]
[WhiteElo "2234"]
[BlackElo "2319"]
[EventDate "2003.06.02"]

1. e4 c5 2. Nf3 Nc6 3. d4 cxd4 4. Nxd4 Nf6 5. Nc3 e5 6. Ndb5 d6 7. Bg5 a6
8. Na3 b5 9. Nd5 Be7 10. Bxf6 Bxf6 11. c3 Bg5 12. Nc2 Rb8 13. a3 O-O 14. h4
Bh6 15. Nce3 Bxe3 16. Nxe3 Be6 17. Bd3 a5 18. b4 Ne7 19. Qe2 d5 20. exd5
Nxd5 21. Rd1 Qc8 22. Nxd5 Bxd5 23. Bxh7+ Kxh7 24. Qc2+ Kg8 25. Rxd5 Qc6 26.
Qd2 Qc4 27. Qd3 Qg4 28. O-O e4 29. Qd4 Qxh4 30. Re5 f5 31. Qd5+ Kh8 32.
Rxf5 Rxf5 33. Qxf5 axb4 34. axb4 Qf6 35. Qh5+ Kg8 36. Qd5+ Kh8 37. Re1 Rf8
38. Qc5 Rd8 39. Re3 Rd1+ 40. Kh2 Qf4+ 41. Rg3 Rd6 42. Qe3 Rh6+ 43. Kg1 Qd6
44. Rh3 Rxh3 45. Qxh3+ Kg8 46. Qc8+ Kh7 47. Qf5+ Kg8 48. Qxb5 Qd1+ 49. Qf1
Qb3 50. Qc1 Qc4 51. Qe3 Qb3 52. Qc5 Kh8 53. b5 Qd1+ 54. Kh2 Qg4 55. Qe5 Qg6
56. c4 Qh6+ 57. Kg3 Qg6+ 58. Kf4 Qf7+ 59. Ke3 Qxc4 60. Qe8+ 1-0

[Event "IEWCC"]
[Site "Istanbul TUR"]
[Date "2003.06.10"]
[Round "7"]
[White "Cedikova,K"]
[Black "Dergatschova Daus,A"]
[Result "0-1"]
[WhiteElo "2181"]
[BlackElo "2250"]
[EventDate "2003.06.02"]

1. d4 d5 2. c4 e6 3. Nc3 c6 4. Nf3 dxc4 5. e4 b5 6. a4 Bb4 7. Be2 Nf6 8.
Qc2 Bb7 9. O-O a6 10. e5 Nd5 11. Ne4 Nd7 12. Nfg5 Nf8 13. Bh5 g6 14. Bg4 h6
15. Nf3 Qc7 16. h4 O-O-O 17. Be3 Nd7 18. Rfc1 Nxe3 19. fxe3 Nb6 20. b3 Be7
21. bxc4 Nxc4 22. Qb3 Nb6 23. axb5 axb5 24. Rc5 Rd5 25. Rc2 b4 26. Nfd2 Kd7
27. Rf1 Rf8 28. Nc5+ Bxc5 29. dxc5 Nc8 30. e4 Rxe5 31. Qxb4 f5 32. Bf3 Ba6
33. Ra1 Bb5 34. Rd1 Ke7 35. Nb3 fxe4 36. Be2 Bxe2 37. Rxe2 Rd5 38. Rde1 Rf6
39. Rxe4 Kf7 40. Nd4 Qd7 41. Nxe6 Rd1 42. Nd4 Rxe1+ 43. Rxe1 Ne7 44. Nf3
Kg7 45. Qe4 Nd5 46. Qe5 Qa7 47. Nd4 Qxc5 48. Rb1 Qa7 49. Kh1 Qd7 50. Rb8
Ne7 51. Rf8 Nd5 52. Re8 Kh7 53. Nf3 Qg7 54. Qb8 Rf5 55. Qc8 Nf6 56. Rd8 c5
57. Qc6 0-1

[Event "IEWCC"]
[Site "Istanbul TUR"]
[Date "2003.06.10"]
[Round "7"]
[White "Pokorna,Reg"]
[Black "Smokina,K"]
[Result "1-0"]
[WhiteElo "2418"]
[BlackElo "2269"]
[EventDate "2003.06.02"]

1. e4 c5 2. Nf3 Nc6 3. d4 cxd4 4. Nxd4 e5 5. Nb5 d6 6. c4 Be7 7. N1c3 a6 8.
Na3 Be6 9. Be2 Bg5 10. Nc2 Bxc1 11. Rxc1 Qg5 12. Ne3 Nd4 13. Qa4+ Bd7 14.
Qb4 Bc6 15. Qxd6 Rd8 16. Qb4 Nxe2 17. Kxe2 Ne7 18. Ncd5 Bxd5 19. cxd5 O-O
20. h4 Qf6 21. Rc7 Nc8 22. Rxb7 g6 23. g3 h5 24. Rc1 Rd6 25. Rcc7 Nb6 26.
a4 Na8 27. Re7 Rb6 28. Rxb6 Nxb6 29. a5 Nc8 30. Rc7 Qd8 31. Rc6 Qd7 32.
Rxa6 Kg7 33. Rc6 Na7 34. Qd6 Qe8 35. Qf6+ 1-0

[Event "IEWCC"]
[Site "Istanbul TUR"]
[Date "2003.06.10"]
[Round "7"]
[White "Ciuksyte,D"]
[Black "Papadopoulou,V"]
[Result "1-0"]
[WhiteElo "2375"]
[BlackElo "2230"]
[EventDate "2003.06.02"]

1. e4 c5 2. Nf3 d6 3. d4 cxd4 4. Nxd4 Nf6 5. Nc3 a6 6. h3 e6 7. g4 b5 8.
Bg2 Bb7 9. a3 h6 10. O-O Nbd7 11. Nde2 g5 12. f4 gxf4 13. Bxf4 Qb6+ 14. Kh1
Be7 15. Ng3 Ne5 16. a4 b4 17. a5 Qc7 18. Na4 Qxa5 19. Qd4 Nc6 20. Qf2 Rd8
21. Nb6 Qc5 22. Be3 Qb5 23. Nh5 1-0

[Event "IEWCC"]
[Site "Istanbul TUR"]
[Date "2003.06.10"]
[Round "7"]
[White "Calotescu,C"]
[Black "Blazkova,P"]
[Result "1/2-1/2"]
[WhiteElo "2334"]
[BlackElo "2218"]
[EventDate "2003.06.02"]

1. c4 c5 2. g3 Nc6 3. Bg2 g6 4. Nc3 Bg7 5. Nf3 e6 6. O-O Nge7 7. d3 O-O 8.
Bd2 b6 9. Rb1 d5 10. a3 a5 11. Qc1 Nd4 12. b4 axb4 13. axb4 Ba6 14. cxd5
Nxd5 15. Nxd4 Bxd4 16. Nxd5 exd5 17. bxc5 bxc5 18. Bc3 Qf6 19. Bxd4 Qxd4
20. Qg5 Rad8 21. Rfd1 Bc8 22. h4 Qg4 23. Qd2 Rfe8 24. Bf3 Qd4 25. Qa5 Bh3
26. Rbc1 Rc8 27. Qa7 Be6 28. Rd2 Qb4 29. Rdc2 c4 30. Qd4 Qb5 31. h5 gxh5
32. Bxh5 cxd3 33. Rxc8 Rxc8 34. Rxc8+ Bxc8 35. exd3 Bf5 36. Be2 Bg6 37. Kg2
Qd7 38. g4 Qe7 39. Bf3 Qa3 40. Be2 Qe7 41. Kf1 Qd6 42. f4 f6 43. Kf2 Bf7
44. Bf3 Qe6 45. Qe3 Qc6 46. d4 Qc2+ 47. Kg3 Qb1 48. Kf2 Qb2+ 49. Be2 Kg7
50. Kg3 Qa1 51. Bd3 Qc3 52. Kf3 Qb3 53. Kf2 Qb2+ 54. Be2 Qa1 55. Bf3 Qb2+
56. Kg3 Qa1 57. Bg2 Qb2 58. Bh3 Qa1 59. Bg2 Qb2 60. Bh3 h6 61. Bg2 Qb4 62.
Bf3 Qb1 63. Kf2 Qb2+ 64. Be2 Qa1 65. Bd3 Qh1 66. Kg3 Qa1 67. Bc2 Qb2 68.
Qd3 Kf8 69. Bd1 Qa1 70. Kf2 Qb2+ 71. Ke3 Qh2 1/2-1/2

[Event "IEWCC"]
[Site "Istanbul TUR"]
[Date "2003.06.10"]
[Round "7"]
[White "Bosboom Lanchava,T"]
[Black "Stiri,A"]
[Result "1-0"]
[WhiteElo "2329"]
[BlackElo "2178"]
[EventDate "2003.06.02"]

1. d4 Nf6 2. c4 c5 3. d5 e6 4. Nc3 exd5 5. cxd5 d6 6. e4 g6 7. f4 Bg7 8.
Nf3 O-O 9. Be2 Bg4 10. O-O Nbd7 11. Re1 Ne8 12. Kh1 Rb8 13. a4 a6 14. a5
Bxf3 15. Bxf3 Nc7 16. Bg4 f5 17. Bf3 Kh8 18. Re2 b5 19. axb6 Rxb6 20. Qe1
fxe4 21. Nxe4 h6 22. Qg3 Nxd5 23. Qxg6 Ne7 24. Qh5 Qe8 25. Qxe8 Rxe8 26.
Nc3 Nf6 27. g4 Nc8 28. g5 Rxe2 29. Bxe2 hxg5 30. fxg5 Nd7 31. Bxa6 Ne7 32.
Bd3 Bd4 33. Bc2 Ne5 34. Ra7 N7c6 35. Rh7+ Kg8 36. Nd5 Ra6 37. Nf6+ Kf8 38.
g6 1-0

[Event "IEWCC"]
[Site "Istanbul TUR"]
[Date "2003.06.10"]
[Round "7"]
[White "Gvetadze,S"]
[Black "Hagesaether,E"]
[Result "1/2-1/2"]
[WhiteElo "2320"]
[BlackElo "2166"]
[EventDate "2003.06.02"]

1. e4 d6 2. f4 g6 3. Nf3 Bg7 4. Nc3 Nf6 5. Bc4 O-O 6. Bb3 c6 7. O-O a5 8.
a4 Na6 9. d4 Nb4 10. Kh1 Bg4 11. Be3 d5 12. e5 Ne8 13. Ne2 Nc7 14. c3 Nba6
15. Qe1 e6 16. h3 Bxf3 17. Rxf3 f5 18. exf6 Bxf6 19. Nc1 Ne8 20. Nd3 Nd6
21. Nf2 Nc7 22. Ng4 Bg7 23. Ne5 Nce8 24. Bf2 Ne4 25. Bh4 Qc7 26. Bc2 N8d6
27. Rd1 Bh6 28. Qf1 c5 29. dxc5 Nf5 30. Qe1 Bxf4 31. Bxe4 Nxh4 32. Qxh4
Bxe5 33. Rxf8+ Rxf8 34. Bf3 Qxc5 35. Bg4 Qd6 36. Qe1 Re8 37. Bf3 Bg3 38.
Qe3 Bf4 39. Qe2 Qe5 40. Qb5 Rf8 41. Qxa5 Qg5 42. Qb6 Rf6 43. Qf2 Kg7 44.
Qe1 Bb8 45. Rd4 h5 46. a5 Be5 47. Rb4 Rf7 48. Ra4 Kh7 49. Rb4 Kg7 50. Ra4
Kh7 51. Rb4 Kg7 52. Ra4 1/2-1/2

[Event "IEWCC"]
[Site "Istanbul TUR"]
[Date "2003.06.10"]
[Round "7"]
[White "Sikorova,O"]
[Black "Koskela,N"]
[Result "0-1"]
[WhiteElo "2261"]
[BlackElo "2312"]
[EventDate "2003.06.02"]

1. f4 d5 2. b3 Bg4 3. Bb2 Nc6 4. Nf3 Bxf3 5. exf3 Qd6 6. g3 O-O-O 7. Na3 h5
8. Qe2 h4 9. Bh3+ Kb8 10. O-O-O a6 11. d4 Qh6 12. Kb1 Nf6 13. Bc1 Nh5 14.
Qf2 Qd6 15. c3 hxg3 16. hxg3 Qg6+ 17. Nc2 Qxg3 18. Qe3 Qg6 19. Bg4 f5 20.
Bxh5 Rxh5 21. Rdg1 Qf7 22. Rxh5 Qxh5 23. Qe6 Qxf3 24. Qxf5 e6 25. Qxe6 Qxc3
26. Bb2 Qd3 27. Qg6 Qf3 28. f5 Ne7 29. Qg5 Qxf5 30. Qh4 Nc6 31. Re1 g5 32.
Qh5 Nb4 33. Qe2 Bd6 34. Rc1 Rh8 35. a3 Nxc2 36. Rxc2 Rh2 0-1

[Event "IEWCC"]
[Site "Istanbul TUR"]
[Date "2003.06.10"]
[Round "7"]
[White "Hlgatian,G"]
[Black "Medic,Mir"]
[Result "0-1"]
[WhiteElo "2216"]
[BlackElo "2290"]
[EventDate "2003.06.02"]

1. e4 e6 2. d4 d5 3. Nd2 Nf6 4. e5 Nfd7 5. Bd3 c5 6. c3 Nc6 7. Ne2 cxd4 8.
cxd4 Qb6 9. Nf3 f6 10. exf6 Nxf6 11. O-O Bd6 12. Nc3 O-O 13. Re1 Kh8 14.
Bb1 a6 15. a3 Qc7 16. Qd3 Qf7 17. Ng5 Qh5 18. f4 Bb8 19. Ne2 g6 20. Ng3 Qh4
21. Nf3 Qg4 22. Be3 Bxf4 23. Bxf4 Qxf4 24. Rf1 Bd7 25. Bc2 Ng4 26. Rae1 Na5
27. Ne5 Nxe5 28. Rxe5 Qh4 29. Rd1 Rf7 30. b3 Raf8 31. Qc3 Nc6 32. Re2 Kg8
33. Red2 Qf4 34. Qd3 Qg5 35. Bb1 Kg7 36. Bc2 Rf4 37. Qc3 h5 38. Ne2 R4f6
39. Rd3 h4 40. Rh3 Rf2 41. Ng3 e5 42. dxe5 Bxh3 43. e6+ d4 0-1